[Event "Open"]
[Site "Lilie Litomysl CZE"]
[Date "2003.12.30"]
[Round "7"]
[White "Bernasek,J"]
[Black "Groetz,H"]
[Result "1-0"]
[WhiteElo "2365"]
[BlackElo "2359"]

1.d4 Nf6 2.c4 g6 3.Nf3 Bg7 4.g3 O-O 5.Bg2 d6 6.O-O Nbd7 7.Nc3 e5 8.e4 c6
9.h3 Qb6 10.c5 dxc5 11.dxe5 Ne8 12.e6 fxe6 13.Ng5 Ne5 14.f4 Nf7 15.Nxf7 Bd4+
16.Kh2 Rxf7 17.e5 Qc7 18.h4 Qe7 19.Ne2 Rb8 20.h5 Ng7 21.hxg6 hxg6 22.Nxd4 cxd4
23.Qxd4 c5 24.Qd3 Nf5 25.g4 Qh4+ 26.Bh3 Rd7 27.Qf3 Nd4 28.Qf2 Qh7 29.Be3 b6
30.Bxd4 cxd4 31.f5 Ba6 32.Rg1 Rd5 33.Qf4 d3 34.Rg2 Rbd8 35.Rd2 Qg7 36.f6 Qc7
37.Re1 Rd4 38.Qg5 Qh7 39.Kg3 Kf7 40.Rh1 Rh8 41.Bg2 Qxh1 42.Bxh1 Rxh1 43.Rh2 Rxh2
44.Kxh2 d2 45.Qh6 Ke8 46.Qg7 Kd8 47.f7 Kd7 48.f8=Q+ Kc6 49.Qe8+ Kd5 50.Qed7+ Kc4
51.Qa4+ Kd3 52.Qxg6+  1-0

[Event "ch-AUS"]
[Site "Adelaide AUS"]
[Date "2004.01.03"]
[Round "5"]
[White "Thaw Chee Yin"]
[Black "Haasse,A"]
[Result "1/2-1/2"]
[WhiteElo "2204"]
[BlackElo "2179"]

1.d4 Nf6 2.c4 g6 3.Nf3 Bg7 4.g3 O-O 5.Bg2 d6 6.O-O Nbd7 7.Nc3 e5 8.dxe5 Nxe5
9.Nxe5 dxe5 10.Bg5 Qxd1 11.Raxd1 c6 12.Rd2 Be6 13.b3 h6 14.Be3 Rfe8 15.Rfd1 Bf8
16.h3 Bb4 17.Rc1 Ba3 18.Rcd1  1/2-1/2

[Event "Hilton Chess Festival"]
[Site "Basel SUI"]
[Date "2004.01.03"]
[Round "5"]
[White "Nemet,I"]
[Black "Lurje,P"]
[Result "1-0"]
[WhiteElo "2383"]
[BlackElo "2176"]

1.d4 Nf6 2.Nf3 g6 3.c4 Bg7 4.g3 O-O 5.Bg2 d6 6.O-O Nbd7 7.Nc3 e5 8.d5 a5
9.e4 Nb6 10.Qe2 Nfd7 11.b3 Nc5 12.Be3 f5 13.exf5 gxf5 14.Bxc5 dxc5 15.Nxe5 Re8
16.f4 Nd7 17.Rae1 Nxe5 18.fxe5 Rxe5 19.Qd2 Qe7 20.Rxe5 Qxe5 21.Nb5 Qe7 22.Re1 Qd8
23.Qf4  1-0

[Event "ch-AUS"]
[Site "Adelaide AUS"]
[Date "2004.01.04"]
[Round "6"]
[White "Booth,Stew"]
[Black "Jones,B"]
[Result "1-0"]
[WhiteElo "2177"]
[BlackElo "2176"]

1.d4 Nf6 2.c4 g6 3.g3 Bg7 4.Bg2 O-O 5.Nf3 d6 6.Nc3 Nc6 7.d5 Na5 8.Nd2 c5
9.O-O a6 10.Qc2 Rb8 11.b3 b5 12.Bb2 bxc4 13.bxc4 Qc7 14.Nd1 Bg4 15.Re1 e5
16.Bc3 Bd7 17.e4 Bh6 18.f4 Nh5 19.fxe5 dxe5 20.d6 Qd8 21.Bxe5 Bxd2 22.Qxd2 Nxc4
23.Qc3 Nxe5 24.Qxe5 c4 25.Ne3 Be6 26.Qd4 Qb6 27.Qxb6 Rxb6 28.e5 f6 29.Bd5 Kf7
30.Bxe6+ Kxe6 31.Nxc4 Rb5 32.exf6+ Kd5 33.d7 Kxc4 34.Rac1+ Kb4 35.Re8 Rb8
36.Rb1+  1-0

[Event "Hilton Chess Festival"]
[Site "Basel SUI"]
[Date "2004.01.04"]
[Round "7"]
[White "Deschler,F"]
[Black "Benkovic,P"]
[Result "1-0"]
[WhiteElo "2156"]
[BlackElo "2436"]

1.d4 Nf6 2.Nf3 g6 3.g3 Bg7 4.Bg2 O-O 5.c4 d6 6.O-O c6 7.Nc3 a6 8.Re1 b5 9.Qb3 bxc4
10.Qxc4 a5 11.e4 d5 12.Qb3 a4 13.Qa3 dxe4 14.Nxe4 Nd5 15.Bd2 Bf5 16.Rac1 Qb6
17.Nc3 Nxc3 18.Bxc3 Be6 19.Rxe6 fxe6 20.Qxe7 Qd8 21.Qxe6+ Kh8 22.Ne5 Ra7
23.Re1 Rf6 24.Qc4 Re7 25.Qb4 Re8 26.Qxa4 Ref8 27.f4 Qb6 28.Qb4 Qa7 29.a3 g5
30.fxg5 Rf2 31.Ng4 R2f5 32.h4 Na6 33.Qe7 Bxd4+ 34.Kh2 Qxe7 35.Bxd4+ Qg7 36.Bxg7+ Kxg7
37.Bxc6 Nc5 38.b4 Nd3 39.Re3 Nb2 40.Be8 Nc4 41.Re7+ Kh8 42.Nf6 Rf2+ 43.Kh3 R8xf6
44.gxf6 Rxf6 45.a4 Nb6 46.a5 Nd5 47.Re4 Kg7 48.b5 Kf8 49.Bc6 Ne7 50.Rf4  1-0

[Event "10th Open"]
[Site "Bosnjaci CRO"]
[Date "2004.01.04"]
[Round "2"]
[White "Drasko,M"]
[Black "Grbac,Bor"]
[Result "1-0"]
[WhiteElo "2467"]
[BlackElo "2226"]

1.d4 Nf6 2.c4 g6 3.Nf3 Bg7 4.g3 O-O 5.Bg2 d6 6.O-O c5 7.d5 Na6 8.Nc3 Nc7
9.a4 Na6 10.e4 Nb4 11.Re1 e5 12.dxe6 Bxe6 13.Qe2 h6 14.h3 Qe7 15.Be3 Rad8
16.Rad1 Rfe8 17.Kh2 Kh7 18.Rd2 Bd7 19.Qd1 Bc6 20.Bf4 Bf8 21.g4 Nxe4 22.Nxe4 Bxe4
23.Rxe4 Qxe4 24.Ng5+ hxg5 25.Bxe4 gxf4 26.Bxb7 Re5 27.Re2 Bg7 28.Bf3 Rxe2
29.Qxe2 Be5 30.h4 Rb8 31.b3 Nc6 32.Qe4 Nd4 33.Bd1 f5 34.gxf5 gxf5 35.Qd5 f3+
36.Kh1 Rg8 37.Qf7+ Rg7 38.Qh5+ Kg8 39.Bxf3 Nxf3 40.Qxf3 Rg4 41.Qa8+ Kh7 42.Qxa7+ Kg6
43.Qb7 Rxh4+ 44.Kg2 Rh2+ 45.Kg1 Rh4 46.a5 Rg4+ 47.Kf1  1-0

[Event "ch-AUS"]
[Site "Adelaide AUS"]
[Date "2004.01.07"]
[Round "8"]
[White "Thaw Chee Yin"]
[Black "Booth,Stew"]
[Result "1/2-1/2"]
[WhiteElo "2204"]
[BlackElo "2177"]

1.c4 Nf6 2.Nf3 g6 3.d4 Bg7 4.g3 d6 5.Bg2 O-O 6.O-O Nbd7 7.Nc3 e5 8.dxe5 dxe5
9.Qc2 c6 10.b3 Re8 11.Rd1 Qa5 12.Bd2 Qa3 13.Rab1 a5 14.Na4 Qe7 15.h3 Bf8
16.Be3 Rb8 17.Rbc1 Nh5 18.c5 Ng7 19.Qd2 Nf5 20.g4 Nxe3  1/2-1/2

[Event "TCh-BEL2 2003-4"]
[Site "Belgium BEL"]
[Date "2004.01.11"]
[Round "6"]
[White "Tolk,P"]
[Black "Hajenius,W"]
[Result "1-0"]
[WhiteElo "2253"]
[BlackElo "2023"]

1.d4 Nf6 2.Nf3 g6 3.g3 Bg7 4.Bg2 O-O 5.c4 d6 6.O-O Nbd7 7.Qc2 c6 8.Rd1 Qc7
9.b3 Re8 10.Ba3 c5 11.Nc3 a6 12.Rac1 Rb8 13.Bb2 b6 14.Nd5 Nxd5 15.cxd5 Nf6
16.e4 Bb7 17.Qd3 Red8 18.Nd2 Qd7 19.Nc4 Ba8 20.dxc5 bxc5 21.Bc3 e6 22.Ba5 exd5
23.exd5 Re8 24.Re1 Qb5 25.Qd2 Rxe1+ 26.Rxe1 Ne8 27.Re7 Bf6 28.Ra7 Bb7 29.Bc3 Qd7
30.Na5 Qc8 31.Bxf6 Nxf6 32.Qf4 Ne8 33.Qa4 Kg7 34.Nxb7 Rxb7 35.Rxb7  1-0

[Event "1st WinTV Open"]
[Site "Chennai IND"]
[Date "2004.01.21"]
[Round "1"]
[White "Iskusnyh,S"]
[Black "Venkatesh,H"]
[Result "1-0"]
[WhiteElo "2482"]
[BlackElo "2094"]

1.d4 Nf6 2.c4 g6 3.Nf3 Bg7 4.g3 O-O 5.Bg2 d6 6.O-O Nbd7 7.Nc3 c6 8.e4 e5
9.h3 Qb6 10.c5 dxc5 11.dxe5 Ne8 12.e6 fxe6 13.Ng5 Ne5 14.f4 c4+ 15.Kh2 h6
16.Nf3 Nxf3+ 17.Rxf3 e5 18.Be3 Qc7 19.Qe2 Be6 20.f5 gxf5 21.exf5 Bd5 22.Rf2 Nf6
23.Bc5 Rfd8 24.Ne4 b5 25.Re1 Bxe4 26.Bxe4 Nxe4 27.Qxe4 Bf6 28.b3 cxb3 29.axb3 Qd7
30.Be3 Kh7 31.Rfe2 Qd5 32.Qxd5 cxd5  1-0

[Event "1st WinTV Open"]
[Site "Chennai IND"]
[Date "2004.01.21"]
[Round "1"]
[White "Hegde,R"]
[Black "Karthikeyan,P"]
[Result "1-0"]
[WhiteElo "2344"]
[BlackElo "2017"]

1.Nf3 g6 2.c4 Bg7 3.d4 Nf6 4.g3 O-O 5.Bg2 d6 6.O-O Nc6 7.Nc3 Nd7 8.e4 a6
9.b3 e5 10.Bg5 f6 11.Be3 h6 12.Qd2 Kh7 13.Rac1 f5 14.exf5 gxf5 15.dxe5 dxe5
16.Nd5 Ne7 17.Bg5 hxg5 18.Nxg5+ Kg6 19.Ne6 Bh6 20.f4 Qe8 21.Ndxc7 Qf7 22.Nxf8+ Bxf8
23.Nxa8 e4 24.Nc7 Nc6 25.Qd5 Qh7 26.Ne6 Be7 27.g4 Kf6 28.Ng5 Qg6 29.gxf5 Qxf5  1-0

[Event "Open"]
[Site "Praha CZE"]
[Date "2004.01.21"]
[Round "7"]
[White "Volodin,V"]
[Black "Kubecka,D"]
[Result "0-1"]
[WhiteElo "2251"]
[BlackElo "2191"]

1.Nf3 Nf6 2.c4 g6 3.d4 Bg7 4.g3 O-O 5.Bg2 d6 6.O-O Nc6 7.Nc3 e5 8.d5 Ne7
9.e4 Nh5 10.Ne1 a6 11.Nd3 f5 12.exf5 Bxf5 13.Ne4 Qd7 14.f3 h6 15.Ndf2 Kh7
16.Be3 g5 17.Qd2 Nf4 18.gxf4 gxf4 19.Bc5 dxc5 20.Nxc5 Qd6 21.Nxb7 Qg6 22.Kh1 Bc8
23.Nc5 Nf5 24.Qd3 Kh8 25.Bh3 Rb8 26.Rab1 Qh5 27.Bxf5 Bxf5 28.Nce4 Bf6 29.Qc3 Kh7
30.Rg1 Bh4 31.Rbf1 Rxb2 32.Qxe5 Rf7 33.Nh3 Rxa2 34.Nxf4 Bg3 35.Rg2 Rxg2 36.Nxh5 Rxh2+
37.Kg1 Bxe5 38.f4 Rxh5 39.fxe5 Rg7+  0-1

[Event "Itau Cup 450th Ann"]
[Site "Sao Paulo BRA"]
[Date "2004.01.23"]
[Round "8"]
[White "Panno,O"]
[Black "Madeira,W"]
[Result "1-0"]
[WhiteElo "2485"]
[BlackElo "2215"]

1.d4 Nf6 2.c4 g6 3.Nf3 Bg7 4.g3 O-O 5.Bg2 d6 6.O-O c5 7.dxc5 dxc5 8.Ne5 Nbd7
9.Nd3 Qc7 10.Nc3 e6 11.Bf4 e5 12.Be3 Rb8 13.Rc1 b6 14.b4 Bb7 15.Bxb7 Rxb7
16.bxc5 bxc5 17.Nd5 Nxd5 18.cxd5 c4 19.Qa4 Rc8 20.Nb4 Nb8 21.Nc6 Nxc6 22.Rxc4 Rb4
23.Rxb4 Nxb4 24.Qxb4 Bf8 25.Qd2 Rd8 26.Bg5 Rd7 27.Rc1 Qb7 28.e4 f5 29.f3 Bd6
30.Kg2 Rc7 31.Rxc7 Qxc7 32.exf5 gxf5 33.Bf6 Qf7 34.Qg5+ Qg6 35.Qxg6+ hxg6
36.g4 Kf7 37.Bg5 fxg4 38.fxg4 e4 39.h4 Bc5 40.Kg3 Bd6+ 41.Kf2 Bc5+ 42.Kg3 Bd6+
43.Bf4 Bb4 44.h5 Be1+ 45.Kh3 gxh5 46.gxh5 Kf6 47.Kg4 Bc3 48.d6 Ke6 49.h6 Bd4
50.h7 Bc3 51.Kg5 e3 52.Bxe3 Kxd6 53.Kg6 Ke6 54.Bh6  1-0

[Event "OSS January It"]
[Site "Oslo NOR"]
[Date "2004.01.28"]
[Round "4"]
[White "Kuljasevic,D"]
[Black "Bosiocic,Mari"]
[Result "0-1"]
[WhiteElo "2413"]
[BlackElo "2232"]

1.d4 Nf6 2.Nf3 g6 3.g3 Bg7 4.c4 O-O 5.Bg2 d6 6.Nc3 Nc6 7.O-O a6 8.h3 Rb8
9.Be3 b5 10.Nd2 Bd7 11.Rc1 e6 12.cxb5 axb5 13.Nde4 Nxe4 14.Nxe4 Ne7 15.f4 Bc6
16.Bf2 Bd5 17.Qc2 c6 18.e3 Qd7 19.Nd2 Bxg2 20.Kxg2 f5 21.e4 fxe4 22.Qxe4 Nd5
23.Nf3 Rfe8 24.Rfe1 Bf6 25.h4 Rbc8 26.Qd3 Qf7 27.Qb3 Kf8 28.Re2 h5 29.Rce1 Qd7
30.Qc2 Kf7 31.Nd2 Ne7 32.Qe4 Nf5 33.Nf3 Qa7 34.a3 Qa4 35.Qd3 Qc4 36.Qd1 Qd5
37.Re4 Ra8 38.Kh2 Ra4 39.Qe2 Re7 40.Qc2 Rc4 41.Qe2 b4 42.g4 hxg4 43.Ng5+ Bxg5
44.fxg5 b3 45.Qxg4 Rc2 46.R1e2 Kg8 47.Kg1 Qc4 48.h5 Rxb2 49.Rxb2 Qc1+ 50.Kg2 Qxb2
51.hxg6 Qc2 52.Re2 Qd1 53.Qe4 Qc1 54.Be3 b2 55.Bxc1 bxc1=Q  0-1

[Event "1st WinTV Open"]
[Site "Chennai IND"]
[Date "2004.01.29"]
[Round "10"]
[White "Safin,S"]
[Black "Muralidharan,M"]
[Result "1-0"]
[WhiteElo "2528"]
[BlackElo "2341"]

1.d4 Nf6 2.c4 g6 3.Nf3 Bg7 4.g3 O-O 5.Bg2 d6 6.Nc3 Nc6 7.O-O a6 8.d5 Na5
9.Nd2 c5 10.Qc2 Rb8 11.b3 b5 12.Rb1 e6 13.Bb2 bxc4 14.bxc4 exd5 15.Nxd5 Rxb2
16.Rxb2 Nxd5 17.Bxd5 Bxb2 18.Qxb2 Re8 19.Ne4 Re5 20.f4 Nxc4 21.Bxf7+  1-0

[Event "1st WinTV Open"]
[Site "Chennai IND"]
[Date "2004.01.30"]
[Round "11"]
[White "Fominyh,A"]
[Black "Rahman,Zia"]
[Result "1-0"]
[WhiteElo "2559"]
[BlackElo "2492"]

1.d4 d6 2.g3 Nf6 3.Nf3 g6 4.Bg2 Bg7 5.c4 O-O 6.Nc3 Nc6 7.O-O a6 8.h3 Rb8
9.e4 Nd7 10.Bg5 Na5 11.b3 c5 12.Qd2 Nc6 13.d5 Nd4 14.Nxd4 Bxd4 15.a4 Ne5
16.Kh2 f5 17.f4 Nf7 18.exf5 Nxg5 19.fxg6 Nxh3 20.gxh7+ Kh8 21.Bxh3 Rf7 22.Bxc8 Qxc8
23.Kg2 b5 24.axb5 axb5 25.cxb5 Rg7 26.Qd3 e6 27.Ra6 exd5 28.Rxd6 Rxh7 29.f5 Ra8
30.Ra6 Rxa6 31.bxa6 Qc6 32.Qb5 Qh6 33.Qe8+ Kg7 34.Qg6+ Qxg6 35.fxg6 Kxg6
36.Nb5 Rh8 37.Nxd4 cxd4 38.b4 Rc8 39.b5 Rc2+ 40.Kf3 Ra2 41.Rb1 Ra3+ 42.Kf4  1-0

[Event "1st WinTV Open"]
[Site "Chennai IND"]
[Date "2004.01.30"]
[Round "11"]
[White "Hegde,R"]
[Black "Ramu,K"]
[Result "1-0"]
[WhiteElo "2344"]
[BlackElo "2156"]

1.Nf3 Nf6 2.c4 g6 3.d4 Bg7 4.g3 O-O 5.Bg2 d6 6.O-O Na6 7.Nc3 c5 8.b3 Nc7
9.Bb2 Rb8 10.Qd2 h6 11.Rad1 Be6 12.e4 Qc8 13.Rfe1 cxd4 14.Nxd4 Bh3 15.Nf5 Bxf5
16.exf5 Rd8 17.fxg6 fxg6 18.Ne4 Nh7 19.Bxg7 Kxg7 20.Qd4+ Kg8 21.Qxa7 Rf8
22.Qe3 g5 23.Nc3 Qf5 24.Be4 Qf6 25.Bxh7+ Kxh7  1-0

[Event "9th HIT Open"]
[Site "Nova Gorica SLO"]
[Date "2004.01.30"]
[Round "1"]
[White "Dobrov,V"]
[Black "Skoberne,J"]
[Result "0-1"]
[WhiteElo "2481"]
[BlackElo "2231"]

1.d4 g6 2.c4 Bg7 3.Nf3 d6 4.g3 Nf6 5.Bg2 O-O 6.Nc3 Nc6 7.O-O e5 8.d5 Ne7
9.Ne1 Ng4 10.h3 Nh6 11.e4 f5 12.Nd3 fxe4 13.Nxe4 Nhf5 14.Kh2 c6 15.f4 Kh8
16.fxe5 cxd5 17.Nxd6 dxc4 18.Nc5 Qc7 19.Nce4 Bxe5 20.Bf4 Bxf4 21.Rxf4 Be6
22.Qd2 Nd5 23.Nxf5 gxf5 24.Qd4+ Qg7 25.Nc5 Nxf4 26.Qxf4 Bd5 27.Rd1 Bxg2 28.Ne6 Qxb2
29.Nxf8 Be4+ 30.Rd2 Qa1 31.Ng6+ hxg6 32.Qh6+ Kg8 33.Qxg6+ Qg7 34.Qe6+ Qf7  0-1

[Event "9th HIT Open"]
[Site "Nova Gorica SLO"]
[Date "2004.01.31"]
[Round "3"]
[White "Cvitan,O"]
[Black "Skoberne,J"]
[Result "1-0"]
[WhiteElo "2520"]
[BlackElo "2231"]

1.d4 g6 2.c4 Bg7 3.Nf3 Nf6 4.g3 O-O 5.Bg2 d6 6.O-O Nc6 7.Nc3 a6 8.Re1 Rb8
9.Rb1 b5 10.cxb5 axb5 11.b4 Nd7 12.e4 Na7 13.Qd3 c5 14.dxc5 dxc5 15.bxc5 Qa5
16.Bd2 Nc6 17.Qe3 b4 18.Nd5 Qxa2 19.Nxb4 Nxb4 20.Rxb4 Rxb4 21.Bxb4 Bb7 22.Qd2 Qxd2
23.Nxd2 Rc8 24.Rb1 e6 25.Nc4 Bc6 26.Na5 Bf8 27.Nxc6 Rxc6 28.e5 Rc7 29.c6 Nxe5
30.Ba5 Rxc6 31.Bxc6 Nxc6 32.Bc3 Bg7 33.Rb6 Bxc3 34.Rxc6 Bd4 35.Kf1 g5 36.g4 Kg7
37.Ke2 Kg6 38.h3 h5 39.Rc4 Be5 40.Rc6 hxg4 41.hxg4 Kf6 42.Kd3 Bh2 43.Ke4 Bf4
44.Rb6 Bh2 45.f3 Bg3 46.Rb7 Bf4 47.Kd4 Kg6 48.Re7 Bd6 49.Rb7 Bg3 50.Kc5 Bh2
51.Kc6 f5 52.Kd7 fxg4 53.fxg4 Kf6 54.Rb2 Bg3 55.Re2 Bf4 56.Rxe6+ Kf7 57.Ra6 Be3
58.Ra5 Bf4 59.Rf5+ Kg6 60.Ke6 Be3 61.Rf1 Kg7 62.Rb1 Bf4 63.Kf5 Kf7 64.Rh1 Kg7
65.Rd1 Kf7 66.Rd7+ Ke8 67.Rg7 Kf8 68.Kg6  1-0

[Event "9th HIT Open"]
[Site "Nova Gorica SLO"]
[Date "2004.02.01"]
[Round "4"]
[White "Kveinys,A"]
[Black "Nevednichy,V"]
[Result "1/2-1/2"]
[WhiteElo "2511"]
[BlackElo "2548"]

1.d4 Nf6 2.c4 g6 3.g3 Bg7 4.Bg2 d6 5.Nf3 O-O 6.Nc3 Nc6 7.O-O a6 8.d5 Na5
9.b3 c5 10.dxc6 Nxc6 11.Bb2 Ne4 12.Qc1 Nxc3 13.Bxc3 Qb6 14.Rd1 Bxc3 15.Qxc3 a5
16.Nd4 Bd7 17.Qe3 Rac8 18.Rac1 a4 19.c5 dxc5 20.Nxc6 Bxc6 21.Bxc6 bxc6 22.bxa4 Qb4
23.a3 Qxa4 24.Qxc5 Qe4 25.Qc4 Qxc4 26.Rxc4 Ra8 27.a4 Ra7 28.Ra1 Rfa8 29.f4 c5
30.Kf2 Ra5 31.Ke3 Rd8  1/2-1/2

[Event "9th HIT Open"]
[Site "Nova Gorica SLO"]
[Date "2004.02.03"]
[Round "7"]
[White "Olarasu,G"]
[Black "Srebrnic,M"]
[Result "1-0"]
[WhiteElo "2311"]
[BlackElo "2225"]

1.d4 Nf6 2.c4 g6 3.g3 Bg7 4.Bg2 d6 5.Nf3 O-O 6.O-O Nbd7 7.Nc3 e5 8.e4 a6
9.Re1 exd4 10.Nxd4 Ne5 11.b3 c5 12.Nc2 Nc6 13.Bb2 Ne8 14.Na4 Bxb2 15.Nxb2 Nc7
16.Na4 Ne6 17.Nc3 Ned4 18.Nxd4 Nxd4 19.Re3 Qf6 20.Rc1 Rb8 21.h3 Bd7 22.Ne2 Nxe2+
23.Qxe2 Bc6 24.Rd1 Rfe8 25.Qd2 Rbd8 26.Qa5 Rd7 27.e5 dxe5 28.Rxd7 Bxd7 29.Qxc5 b6
30.Qc7 Bf5 31.g4 Bb1 32.Rf3 Qe7 33.Rxf7 Qxf7 34.Bd5 Re6 35.Qc8+ Kg7 36.Bxe6 Qf4
37.Bd5 h5 38.Qg8+ Kh6 39.Qh8+ Kg5 40.Qd8+ Kh6 41.a4 Bd3 42.Qxb6 Qc1+ 43.Kh2 Qd1
44.Qf6 Qd2 45.g5+  1-0

[Event "AS04 Centenary"]
[Site "Copenhagen DEN"]
[Date "2004.02.08"]
[Round "2"]
[White "Nielsen,JW"]
[Black "Mortensen,E"]
[Result "1/2-1/2"]
[WhiteElo "2128"]
[BlackElo "2450"]

1.d4 Nf6 2.c4 g6 3.Nf3 Bg7 4.g3 O-O 5.Bg2 d6 6.O-O Nbd7 7.Nc3 e5 8.e4 exd4
9.Nxd4 Re8 10.Re1 a6 11.h3 Rb8 12.Be3 c5 13.Nde2 b5 14.cxb5 axb5 15.Qxd6 b4
16.Na4 Nxe4 17.Bxe4 Rxe4 18.Nxc5 Bf8 19.Qd1 Bxc5 20.Bxc5 Qe8 21.f3 Re6 22.Bf2 Bb7
23.Nd4 Rxe1+ 24.Qxe1 Ne5 25.f4 Nd3 26.Qxe8+ Rxe8 27.b3 Rc8 28.Rd1 Be4 29.Be3 Ra8
30.Ra1 Kf8 31.Kf1 Ke7 32.Ke2 f5 33.h4 Kf6 34.Nf3 Ra5 35.Ne5 Nxe5 36.Bd4 Ke6
37.Bxe5 Rc5 38.Rd1 Rc2+ 39.Rd2 Rc1 40.Bd4 Bd5 41.Be3 Rc3 42.Rd3 Rc2+ 43.Rd2 Rc3
44.Rd3 Rc2+ 45.Rd2  1/2-1/2

[Event "TCh-CZE Extraliga 2003-4"]
[Site "Czech Rep CZE"]
[Date "2004.02.08"]
[Round "7"]
[White "Mozny,M"]
[Black "Socko,B"]
[Result "1/2-1/2"]
[WhiteElo "2368"]
[BlackElo "2556"]

1.d4 Nf6 2.Nf3 g6 3.g3 Bg7 4.Bg2 O-O 5.c4 d6 6.O-O a6 7.Nc3 Nc6 8.h3 Bd7
9.Be3 e6 10.Qd2 Re8 11.Bh6 Bh8 12.Bg5 Qc8 13.Kh2 Rb8 14.Rac1 b5 15.cxb5 axb5
16.Bxf6 Bxf6 17.d5 Ne5 18.Ne4 Nxf3+ 19.Bxf3 Be7 20.Bg2 Qd8 21.Rfd1 e5 22.h4 Ra8
23.a3 Ra4 24.Qh6 f6 25.Rc3 b4 26.axb4 Rxb4 27.b3 Bf5 28.f3 Qc8 29.Rdc1 c5
30.dxc6 d5 31.g4 Be6 32.Nc5 Rf4 33.Nxe6 Qxe6 34.c7 Rc8 35.Rc6 Qd7 36.e3 Rc4
37.R6xc4 dxc4 38.e4 cxb3 39.Qe3 Rxc7 40.Qxb3+  1/2-1/2

[Event "FSGM February"]
[Site "Budapest HUN"]
[Date "2004.02.09"]
[Round "3"]
[White "Banusz,T"]
[Black "Vajda,L"]
[Result "0-1"]
[WhiteElo "2372"]
[BlackElo "2482"]

1.d4 Nf6 2.Nf3 g6 3.c4 Bg7 4.g3 O-O 5.Bg2 d6 6.O-O Nbd7 7.Nc3 e5 8.h3 Re8
9.e4 exd4 10.Nxd4 a6 11.Be3 Rb8 12.b3 Nc5 13.Qc2 Bd7 14.Rfe1 Qc8 15.g4 b5
16.b4 Ne6 17.cxb5 Nxg4 18.hxg4 Nxd4 19.Bxd4 Bxd4 20.bxa6 Bxg4 21.b5 Bh3 22.Bf3 Qd8
23.Qd2 Qf6 24.Re3 Re5 25.Rd3 Rg5+ 26.Kh1 Bg4 27.Bxg4 Rxg4 28.f3 Rg3 29.a7 Bxa7
30.Qb2 Rxf3  0-1

[Event "AS04 Centenary"]
[Site "Copenhagen DEN"]
[Date "2004.02.11"]
[Round "5"]
[White "Mortensen,H"]
[Black "Brondum,E"]
[Result "1/2-1/2"]
[WhiteElo "2040"]
[BlackElo "2214"]

1.d4 Nf6 2.Nf3 g6 3.c4 Bg7 4.g3 O-O 5.Bg2 d6 6.O-O Nc6 7.Nc3 Bf5 8.d5 Na5
9.Nd4 Bd7 10.Qd3 c5 11.dxc6 Nxc6 12.Nxc6 bxc6 13.b3 Qa5 14.Bb2 Qh5 15.f3 Bh3  1/2-1/2

[Event "AS04 Centenary"]
[Site "Copenhagen DEN"]
[Date "2004.02.13"]
[Round "7"]
[White "Nielsen,Bo"]
[Black "Jorgensen,P"]
[Result "0-1"]
[WhiteElo "2132"]
[BlackElo "2265"]

1.d4 Nf6 2.c4 g6 3.Nf3 Bg7 4.g3 O-O 5.Bg2 d6 6.O-O Nbd7 7.Qc2 e5 8.Rd1 Qe7
9.Nc3 c6 10.e4 exd4 11.Nxd4 Re8 12.b3 Nc5 13.f3 Nfd7 14.Rb1 a5 15.Bf4 Ne5
16.Nce2 h5 17.h3 Bd7 18.Bd2 Ne6 19.Nxe6 Bxe6 20.Nf4 Bd7 21.Re1 h4 22.g4 Qf6
23.Rf1 Bh6 24.Ne2 Bxd2 25.Qxd2 c5 26.Rbd1 a4 27.Qxd6 Re6 28.Qd2 axb3 29.axb3 Rea6
30.f4 Nxg4 31.Qxd7 Ne3 32.e5 Qb6 33.Rd6 Qxb3 34.Rxa6 Rxa6 35.Rf2 Ra1+ 36.Kh2 Nxg2
37.Rxg2 Qxc4 38.Qxb7 Ra3 39.Qe7 Re3 40.Qd8+ Kg7 41.Qd2 Qe4 42.Qb2 Kg8 43.Rf2 c4
44.Ng1 c3 45.Qb8+ Kg7 46.Qd8 Rd3 47.Qf6+ Kg8 48.Qxh4 Qd5 49.Re2 Rd2 50.Qf2 Qd3
51.Kg2 Kg7 52.Qf3 Qxf3+ 53.Kxf3 c2 54.Rxd2 c1=Q 55.Rf2 Qxg1 56.Rg2 Qf1+ 57.Kg3 Kh6
58.Rf2 Qg1+ 59.Kf3 Kh5 60.Ke2 Qb1 61.Rf3 Qe4+ 62.Kf2 Kh4 63.Kg2 Kh5 64.Kf2 Kh6
65.Kg3 Kg7 66.Rf2 Kf8 67.Rf3 Qc2 68.Rf2 Qf5 69.h4 Kg7 70.Rd2 Kh6 71.Rd6 Kh5
72.Rf6 Qd3+ 73.Kf2 Kg4  0-1

[Event "ch-CZE"]
[Site "Karlovy Vary CZE"]
[Date "2004.02.18"]
[Round "2"]
[White "Bernasek,J"]
[Black "Jansa,Vl"]
[Result "1/2-1/2"]
[WhiteElo "2381"]
[BlackElo "2477"]

1.d4 Nf6 2.c4 g6 3.Nf3 Bg7 4.g3 O-O 5.Bg2 d6 6.O-O c6 7.Nc3 Bf5 8.Nh4 Be6
9.d5 cxd5 10.cxd5 Bd7 11.e4 Na6 12.Be3 Ng4 13.Bd4 Bxd4 14.Qxd4 Qb6 15.Qd2 Rac8
16.Nf3 Rc7 17.h3 Ne5 18.Nxe5 dxe5 19.Rad1 Rc4 20.Kh2 Rb4 21.b3 Rd4 22.Qb2 Rc8
23.f4 Rxd1 24.Nxd1 Bb5 25.Rf3 Qd4 26.Rc3 Rxc3 27.Nxc3 Nc5 28.fxe5 Qxe5 29.Na4 Qxb2
30.Nxb2 Nd7 31.Kg1 e5 32.dxe6 fxe6 33.Kf2 Kf7 34.Ke3 Bc6 35.b4 Ke7 36.Bf1 b6
37.Bd3 Ne5 38.Nc4 Kf6 39.Nd2 g5 40.Be2 Be8 41.a3 Ba4 42.Nf3 Nxf3 43.Bxf3 Ke5
44.h4 gxh4 45.gxh4 Bc6 46.Bg2 h6 47.Bf3 Bb5 48.Bd1 Be8 49.Be2  1/2-1/2

[Event "ch-CZE"]
[Site "Karlovy Vary CZE"]
[Date "2004.02.20"]
[Round "4"]
[White "Bernasek,J"]
[Black "Rasik,V"]
[Result "1-0"]
[WhiteElo "2381"]
[BlackElo "2472"]

1.d4 Nf6 2.c4 g6 3.Nf3 Bg7 4.g3 O-O 5.Bg2 d6 6.O-O c6 7.Nc3 Bf5 8.b3 Ne4
9.Nxe4 Bxe4 10.Qd2 d5 11.Bb2 e6 12.Rfd1 a5 13.e3 Qf6 14.Qe2 Rd8 15.Nd2 Bxg2
16.Kxg2 Qe7 17.e4 dxe4 18.Nxe4 Nd7 19.Nd2 a4 20.Nf3 Nf6 21.Bc3 Qc7 22.Qc2 b5
23.Rac1 Qb7 24.Bd2 Ra6 25.Bg5 axb3 26.axb3 Ra3 27.d5 cxd5 28.Qb2 Qe7 29.cxd5 Rda8
30.d6 Qd8 31.d7 Ne4 32.Qxa3 Nxg5 33.Qxa8  1-0

[Event "Aeroflot Open"]
[Site "Moscow RUS"]
[Date "2004.02.23"]
[Round "7"]
[White "Bocharov,D"]
[Black "Aronian,L"]
[Result "1/2-1/2"]
[WhiteElo "2565"]
[BlackElo "2648"]

1.d4 Nf6 2.c4 g6 3.Nf3 Bg7 4.g3 O-O 5.Bg2 d6 6.O-O Nc6 7.Nc3 Rb8 8.h3 a6
9.e4 b5 10.e5 dxe5 11.dxe5 Qxd1 12.Rxd1 Nd7 13.cxb5 axb5 14.Be3 Nb6 15.Nd4 Nxe5
16.Bf4 b4 17.Bxe5 Bxe5 18.Nc6 bxc3 19.bxc3 Nd7 20.Nxe7+ Kg7 21.Nxc8 Rfxc8
22.Rxd7 Rd8 23.Rad1 Rxd7 24.Rxd7 Rb1+ 25.Bf1 Rc1 26.a4 Rxc3 27.a5 Bd6 28.Kg2 Rc2
29.Bd3 Rc3 30.Be2  1/2-1/2

[Event "Aeroflot Open"]
[Site "Moscow RUS"]
[Date "2004.02.23"]
[Round "7"]
[White "Tkachiev,V"]
[Black "Socko,B"]
[Result "1/2-1/2"]
[WhiteElo "2642"]
[BlackElo "2556"]

1.d4 Nf6 2.c4 g6 3.Nf3 Bg7 4.g3 O-O 5.Bg2 d6 6.O-O a6 7.Nc3 Nc6 8.Re1 Bf5
9.e4 Bg4 10.Be3 Re8 11.Qc2 Nd7 12.Ne2 Nb4 13.Qd2 c5 14.h3 Bxf3 15.Bxf3 Nc6
16.Bg2 cxd4 17.Nxd4 Nxd4 18.Bxd4 Qc7 19.Rac1  1/2-1/2

[Event "5th Montenegro Open"]
[Site "Sozina SCG"]
[Date "2004.02.23"]
[Round "6"]
[White "Drasko,M"]
[Black "Szabo,G ROM"]
[Result "1/2-1/2"]
[WhiteElo "2467"]
[BlackElo "2404"]

1.d4 Nf6 2.c4 g6 3.Nf3 Bg7 4.g3 O-O 5.Bg2 d6 6.O-O Nc6 7.Nc3 a6 8.Qd3 e5
9.dxe5 dxe5 10.Qxd8 Rxd8 11.Bg5 Be6 12.Nd2 Nd4 13.Rfd1 c6 14.e3 Nc2 15.Rab1 Rd7
16.Bxf6 Bxf6 17.Nde4 Rxd1+ 18.Rxd1 Be7 19.Bf1 f5 20.Nd6 b5 21.c5 Nb4  1/2-1/2

[Event "Aeroflot Open"]
[Site "Moscow RUS"]
[Date "2004.02.25"]
[Round "9"]
[White "Romanishin,O"]
[Black "Inarkiev,E"]
[Result "1/2-1/2"]
[WhiteElo "2537"]
[BlackElo "2606"]

1.d4 Nf6 2.Nf3 g6 3.g3 Bg7 4.Bg2 O-O 5.c4 d6 6.O-O Nc6 7.Nc3 a6 8.b3 Rb8
9.Nd5 Bg4 10.Bb2 Nxd5 11.cxd5 Nb4 12.h3 Bd7 13.Nd2 c6 14.dxc6 Bxc6 15.Ne4 f5
16.Qd2 fxe4 17.Qxb4 Bd5 18.Qd2 Qd7 19.Qe3 Qf5 20.Rac1 h5 21.h4 Rbc8 22.Rxc8 Rxc8
23.Rc1 Rf8 24.Rc7 Rf7 25.Bc3 Qf6 26.Bh3 Kh7 27.Be1 Qxd4 28.Qxd4 Bxd4 29.e3 Bb6
30.Rc8 Rg7 31.Rc1 e6 32.Bb4 Rc7 33.Rxc7+ Bxc7 34.Kf1 a5 35.Bc3 Kg8 36.Ke2 Kf7
37.Kd2 b5 38.Bf1 b4 39.Bb2 Bc6 40.Be2 Bd8 41.Bd4 e5 42.Bb2 Ke6 43.Ke1 d5
44.Kd2 Be7 45.Ke1 Be8 46.Kd2 Kf5 47.Bf1 Bc5 48.Ba6 Kf6 49.Bb7 Bf7 50.Bc6 Be6
51.Ke1 Kf5 52.Kf1 Bd6 53.Kg2 g5 54.hxg5 Kxg5 55.Bc1 h4 56.gxh4+ Kxh4 57.Bd2 Kg4
58.Be1 Kg5 59.Bd2 Bf7 60.Kg3 Bc5 61.Kg2 Kf5 62.Kg3 Be7 63.Bd7+ Kf6 64.Kg4 Bg6
65.Bc1 Bf8 66.Bb2 Bh6 67.Bc6 Ke6 68.Bb5 Bf5+ 69.Kg3 Bg5 70.Be2 Kd6 71.Bg4 Bg6
72.Be2 Be8 73.Kg4 Bd8 74.Kg3 Bd7 75.Kg2  1/2-1/2

[Event "5th Montenegro Open"]
[Site "Sozina SCG"]
[Date "2004.02.26"]
[Round "9"]
[White "Kizov,A"]
[Black "Djukic,Ni"]
[Result "1/2-1/2"]
[WhiteElo "2345"]
[BlackElo "2448"]

1.d4 Nf6 2.c4 g6 3.Nf3 Bg7 4.g3 O-O 5.Bg2 d6 6.O-O Nc6 7.Nc3 a6 8.b3 Rb8
9.e3 Re8 10.Bb2 Bd7 11.Qe2 e5 12.dxe5 Nxe5 13.Nxe5 dxe5 14.Rfd1 Qe7 15.Nd5 Nxd5
16.cxd5 e4 17.Bxg7 Kxg7 18.Rac1 Bb5 19.Qb2+ Kg8 20.Rd4 f5 21.Qc3 Rbc8 22.Bf1 Bxf1
23.Kxf1 Red8 24.Rc4 Rd7 25.Rb4 c5 26.dxc6 Rxc6 27.Rc4 Rdc7 28.Qd4 Rxc4 29.Rxc4 Rxc4
30.Qxc4+  1/2-1/2

[Event "ch-PER"]
[Site "Lima PER"]
[Date "2004.03.05"]
[Round "1.1"]
[White "Garcia,Jh"]
[Black "Barreto Carreno,C"]
[Result "1/2-1/2"]
[WhiteElo "2237"]
[BlackElo "2172"]

1.d4 Nf6 2.c4 g6 3.Nf3 Bg7 4.g3 d6 5.Bg2 O-O 6.O-O Nbd7 7.Nc3 c6 8.e4 e5
9.h3 Re8 10.Be3 Qe7 11.Qc2 exd4 12.Nxd4 Nc5 13.Rae1 a5 14.Nb3 Nxb3 15.axb3 Nd7
16.f4 f6 17.Qf2 Kh8 18.Kh2 Qf7 19.Qd2 Qe7 20.Qf2 Qf7 21.g4 Qe7 22.Re2 Nf8
23.Ra1 Be6 24.Bb6 g5 25.Nd5 Bxd5 26.cxd5 gxf4 27.dxc6 bxc6 28.Bf3 Qe5 29.Bd4 Qb5
30.Ra3 Ne6 31.Bc3 Red8 32.h4  1/2-1/2